|
|
|
|
| LEADER |
01452nam a2200373 a 4500 |
| 001 |
EBC3376107 |
| 003 |
MiAaPQ |
| 005 |
20200520144314.0 |
| 006 |
m o d | |
| 007 |
cr cn||||||||| |
| 008 |
110328s1998 dcua sb 000 0 eng d |
| 010 |
|
|
|z 98084941
|
| 020 |
|
|
|z 0309063558
|
| 035 |
|
|
|a (MiAaPQ)EBC3376107
|
| 035 |
|
|
|a (Au-PeEL)EBL3376107
|
| 035 |
|
|
|a (CaPaEBR)ebr10055101
|
| 035 |
|
|
|a (OCoLC)923261164
|
| 040 |
|
|
|a MiAaPQ
|c MiAaPQ
|d MiAaPQ
|
| 050 |
|
4 |
|a TD194
|b .E26 1998
|
| 082 |
0 |
4 |
|a 363.73/1
|2 21
|
| 245 |
0 |
4 |
|a The ecology of industry
|h [electronic resource] :
|b sectors and linkages /
|c edited by Deanna J. Richards and Greg Pearson ; National Academy of Engineering.
|
| 260 |
|
|
|a Washington D.C. :
|b National Academy Press,
|c 1998.
|
| 300 |
|
|
|a ix, 149 p. :
|b ill.
|
| 504 |
|
|
|a Includes bibliographical references.
|
| 530 |
|
|
|a Also available online.
|
| 533 |
|
|
|a Electronic reproduction. Ann Arbor, MI : ProQuest, 2015. Available via World Wide Web. Access may be limited to ProQuest affiliated libraries.
|
| 650 |
|
0 |
|a Manufacturing industries
|x Environmental aspects.
|
| 650 |
|
0 |
|a Electric utilities
|x Environmental aspects.
|
| 650 |
|
0 |
|a Wood-pulp industry
|x Environmental aspects.
|
| 655 |
|
4 |
|a Electronic books.
|
| 700 |
1 |
|
|a Richards, Deanna J.
|
| 700 |
1 |
|
|a Pearson, Greg.
|
| 710 |
2 |
|
|a ProQuest (Firm)
|
| 856 |
4 |
0 |
|u https://ebookcentral.proquest.com/lib/matrademy/detail.action?docID=3376107
|z Click to View
|